000 00823nam a22002057a 4500
005 20141112112242.0
008 141111b ck ||||| 2003 00| 0 spa d
041 _aspa
044 _ack
090 _aEA
_b00145
110 1 _aColombia
_bAsociación Red Colombiana de Reservas Naturales de la Sociedad Civil
_928581
245 1 0 _aSistemas de Conservación-Producción Sostenibles
260 _aSantiago de Cali :
_bCorporación Semillas de Agua,
_bWWF Colombia,
_c2003.
300 _a14 pag.
_bFot., tab, il.
_c28 cm.
650 4 _aAgricultura Sostenible
_xConservación de los recursos agrícolas
_928582
650 6 _aAgricultura Sostenible
_xEcología agrícola
_928583
650 6 _aAgricultura Sostenible
_xAgricultura alternativa
_928584
710 _aColombia
_bCorporación Semillas de Agua
_928585
942 _2z
_cLIBRO
999 _c8783
_d8783